Statistics for The Biggest & the Smallest - Africa

Click here to take the quiz!

General Stats

  • This quiz has been taken 104 times
    (44 since last reset)
  • The average score is 30 of 40

Answer Stats

HintAnswer% Correct
Country area +Algeria
100%
RichestAlgeria
100%
Country population +DR Congo
97%
Country area +DR Congo
97%
RichestEgypt
97%
Country population +Egypt
97%
Country population +Nigeria
97%
RichestNigeria
97%
RichestSouth Africa
97%
Country population +South Africa
97%
Country area +Sudan
94%
Country area +Chad
89%
Country area -Cape Verde
86%
Country population -Cape Verde
86%
Country area +Libya
86%
Capital population -Sao Tome
86%
PoorestSao Tome and Principe
86%
Country area -Sao Tome and Principe
86%
Country population -Sao Tome and Principe
86%
Country population -Seychelles
86%
PoorestSeychelles
86%
Country area -Seychelles
86%
PoorestComoros
83%
Country area -Comoros
83%
Country population -Comoros
83%
Country area -Mauritius
80%
Capital population +Cairo
77%
Country population +Ethiopia
71%
RichestMorocco
69%
Country population -Djibouti
66%
Capital population +Kinshasa
63%
PoorestCentral African Republic
54%
Capital population +Addis Ababa
46%
Capital population +Nairobi
46%
Capital population +Algiers
43%
PoorestGuinea-Bissau
43%
Capital population -Victoria
34%
Capital population -Malabo
20%
Capital population -Mbabane
20%
Capital population -Moroni
14%

Score Distribution

Percentile by Number Answered

Percent of People with Each Score

Your Score History

You have not taken this quiz since the last reset